000 00940nam a2200193Ia 4500
001 21901
003 GE_BSU
008 181216s||||||||xx |||||||||||||| ||und||
040 _cGE_BSU
080 _aპერიოდიკა
245 _aსაქართველოს სოფლის მეურნეობის მეცნიერებათა აკადემია. მოამბე. 25
245 _cმთავ. რედ. შ. ჭალაგანიძე
250 _aსაქართველოს სოფლის მეურნეობის მეცნიერებათა აკადემია
260 _aთბილისი
260 _c2009
300 _a389 გვ. 30 სმ.
653 _aსაქართველოს სოფლის მეურნეობის მეცნიერებათა აკადემია. მოამბე. 25
942 _cCR
999 _c54832
_d54832